Ομαδικές περιβαλλοντικές δραστηριότητες, σχέδια εργασίας και συνεργασία : οδηγός-βοήθημα για νέους και συμβούλους ομάδων
Αποθηκεύτηκε σε:
| Κύριος συγγραφέας: | |
|---|---|
| Άλλοι συγγραφείς: | |
| Μορφή: | Βιβλίο |
| Γλώσσα: | Greek |
| Δημοσίευση: |
Αθήνα :
Γενική Γραμματεία Νέας Γενιάς, Εθνικό Κέντρο Κοινωνικών Ερευνών,
2003.
|
| Σειρά: | Περιβαλλοντικές εκδόσεις
|
| Θέματα: | |
| Ετικέτες: |
Προσθήκη ετικέτας
Δεν υπάρχουν, Καταχωρήστε ετικέτα πρώτοι!
|
MARC
| LEADER | 00000cam a2200000 i 4500 | ||
|---|---|---|---|
| 001 | 1/44309 | ||
| 008 | 060203s2003 gr | ||| |||| ||gre|| | ||
| 020 | |a 9608030021 | ||
| 020 | |a 9607093836 | ||
| 035 | |l 10087829 | ||
| 040 | |a GR-MyUA |b gre |e AACR2 | ||
| 041 | 0 | |a gre | |
| 082 | 0 | |a 363.70071 |2 (22) | |
| 100 | 1 | |a Μιχαηλίδης, Μάριος. | |
| 245 | 1 | 0 | |a Ομαδικές περιβαλλοντικές δραστηριότητες, σχέδια εργασίας και συνεργασία : |b οδηγός-βοήθημα για νέους και συμβούλους ομάδων / |c Μ. Μιχαηλίδης ; επιστημονική εποπτεία Ηλίας Γ. Ματσαγγούρας. |
| 260 | |a Αθήνα : |b Γενική Γραμματεία Νέας Γενιάς, |b Εθνικό Κέντρο Κοινωνικών Ερευνών, |c 2003. | ||
| 300 | |a 108 σ. ; |c 21 εκ. | ||
| 490 | 1 | |a (Περιβαλλοντικές εκδόσεις) | |
| 650 | 0 | 0 | |a Environmental education |x Case studies. |
| 650 | 0 | 0 | |a Environmental education |x Handbooks, manuals, etc. |
| 700 | 1 | |a Ματσαγγούρας, Ηλίας Γ., |d 1946- |e edt | |
| 830 | 0 | |a Περιβαλλοντικές εκδόσεις | |
| 852 | |a INST |b LESVOS |e 20060203 |h 363.70071 ΜΙΧ |p 005100031045 |q 005100031045 |t BK |y 0 | ||
| 852 | |a INST |b SAMOS |e 20070515 |h 363.70071 MIX |p 005300026368 |q 005300026368 |t BK |y 0 | ||
| 901 | |a BIBL3-2007-2 | ||
| 901 | |a BIBL1-2006-1 | ||
| 920 | |a ΓΡΑΦΕΙΟ ΠΕΡΙΒΑΛΛΟΝΤΙΚΗΣ ΕΚΠΑΙΔΕΥΣΗΣ |y Λέσβος |z 2006-02 | ||
| 970 | |a ΚΑΜΑΤΣΟΥ |b ΔΕΣΠΟΙΝΑ |z 2006/02/03 | ||